Kaju Shikenjō hōkoku. Bulletin of the Fruit Tree Research Station. Extra. Tokubetsu hōkoku =

Bibliographic Details
Corporate Author: Nōrin Suisanshō Kaju Shikenjō (Japan)
Format: Serial
Language:Japanese
Language Notes:In Japanese with summaries and tables of contents in English.
Published: Ibaraki-ken Tsukuba-gun Yatabe-cho : Fruit Tree Research Station, Ministry of Agriculture, Forestry and fisheries, 1990-1995.
Subjects:
Online Availability: Check for online availability

MARC

Tag First Indicator Second Indicator Subfields
LEADER 00000cas a2200000 a 4500
001 in00001007521
005 20150927222250.0
008 901002d19901995ja x m f0 d0jpn d
010 |a sn 94015738  
022 |a 0916-5762 
030 |a KSHOED 
035 |a (OCoLC)22458241 
035 |9 AFD9493AM 
040 |a NRC  |c NRC  |d NSD  |d AGL  |d TXA  |d UtOrBLW 
041 0 |a jpn  |b eng  |f eng 
042 |a lcd 
043 |a a-ja--- 
049 |a TXAE 
090 |a SB354  |b .K38 
222 0 |a Kaju Shikenjo hokoku. Tokubetsu hokoku 
245 0 0 |a Kaju Shikenjō hōkoku.  |p Tokubetsu hōkoku =  |b Bulletin of the Fruit Tree Research Station. Extra. 
246 1 1 |a Bulletin of the Fruit Tree Research Station.  |p Extra 
246 3 1 |a Bulletin of the Fruit Tree Research Station. Extra. 
264 1 |a Ibaraki-ken Tsukuba-gun Yatabe-cho :  |b Fruit Tree Research Station, Ministry of Agriculture, Forestry and fisheries,  |c 1990-1995. 
300 |a 6 volumes :  |b illustrations ;  |c 26 cm. 
310 |a Irregular 
336 |a text  |b txt  |2 rdacontent 
337 |a unmediated  |b n  |2 rdamedia 
338 |a volume  |b nc  |2 rdacarrier 
362 0 |a No. 1 (March 1990)-no. 6 (March 1995). 
500 |a Each number also has a distinctive title. 
546 |a In Japanese with summaries and tables of contents in English. 
580 |a Supplement to: Kaju Shikenjo hokoku. 
650 0 |a Fruit-culture  |z Japan. 
650 0 |a Fruit trees  |z Japan. 
710 2 |a Nōrin Suisanshō Kaju Shikenjō (Japan) 
772 1 |t Kaju Shikenjō hōkoku (1990)  |x 0916-5851  |w (DLC)sn 93007647  |w (OCoLC)22186291 
999 |a MARS 
999 f f |s 8c2726ea-9456-3941-a751-0765db54c252  |i e6b2a21d-6aa9-3e7f-97bf-e14199406866  |t 0 
952 f f |p ric  |a Texas A&M University  |b Rellis Campus  |c Joint Library Facility  |d Remote Storage  |t 0  |e SB354 .K38  |h Library of Congress classification  |i unmediated -- volume  |k no.3  |l 1992:Dec.  |m A14816570866 
952 f f |p ric  |a Texas A&M University  |b Rellis Campus  |c Joint Library Facility  |d Remote Storage  |t 0  |e SB354 .K38  |h Library of Congress classification  |i unmediated -- volume  |k no.2  |l 1991:Feb.  |m A14812252628 
952 f f |p ric  |a Texas A&M University  |b Rellis Campus  |c Joint Library Facility  |d Remote Storage  |t 0  |e SB354 .K38  |h Library of Congress classification  |i unmediated -- volume  |k no.6  |l 1995:Mar.  |m A14819472952 
952 f f |p ric  |a Texas A&M University  |b Rellis Campus  |c Joint Library Facility  |d Remote Storage  |t 0  |e SB354 .K38  |h Library of Congress classification  |i unmediated -- volume  |k no.5  |l 1994:Feb.  |m A14818011517 
952 f f |p ric  |a Texas A&M University  |b Rellis Campus  |c Joint Library Facility  |d Remote Storage  |t 0  |e SB354 .K38  |h Library of Congress classification  |i unmediated -- volume  |k no.1  |l 1990:March  |m A14812252335 
952 f f |p ric  |a Texas A&M University  |b Rellis Campus  |c Joint Library Facility  |d Remote Storage  |t 0  |e SB354 .K38  |h Library of Congress classification  |i unmediated -- volume  |k no.4  |l 1993:Mar.  |m A14817373186 
998 f f |a SB354 .K38  |s no.1 (1990)-no.6 (1993)  |t 0  |l Remote Storage